| 000 | 00557nam a22001337a 4500 | ||
|---|---|---|---|
| 999 |
_c509573 _d509573 |
||
| 082 | _aAPPPA 2018-19\SRI | ||
| 100 |
_aSrivastava,Rajesh _95581 |
||
| 245 |
_aNational Disaster Response Force : _bStrength and Weaknesses and it's synergy with the armed forces _cby Rajesh Srivastava |
||
| 260 |
_aNew Delhi _bIndian Institute of Public Administration _c2019 |
||
| 300 | _a100p. | ||
| 500 | _aAPPPA Dissertation, 2018-19 (Guide : Prof Vinod Kumar Sharma) | ||
| 650 |
_aDisaster Planning -- India _96315 |
||
| 650 |
_aDisasters -- prevention & control -- India _96316 |
||